| 000 | 00434nam a22001817a 4500 | ||
|---|---|---|---|
| 003 | MPLRDC | ||
| 005 | 20220104125706.0 | ||
| 008 | 210129b ||||| |||| 00| 0 eng d | ||
| 020 | _a962-04-0303-7 | ||
| 082 | _a855 HYY-2 | ||
| 100 | _a黄永玉著 | ||
| 245 |
_a芥末居杂记 _c |
||
| 250 | _a一版一刷 | ||
| 260 |
_a _b三联书店 _c1983 |
||
| 300 | _b平 | ||
| 650 | _a散文;随笔、日记 | ||
| 942 |
_cBK _o855 HYY-2 |
||
| 999 |
_c29388 _d29378 |
||